| 000 | 00728cam a22002291 4500 | ||
|---|---|---|---|
| 001 | sa 68008856 | ||
| 003 | DLC | ||
| 005 | 20260227112537.0 | ||
| 008 | 870806s1965 ii c 000 0 eng | ||
| 010 | _asa 68008856 | ||
| 025 | _aPL480:I-E-4896 | ||
| 035 | _a(OCoLC)16395767 | ||
| 040 |
_aDLC _cWaU _dDLC |
||
| 042 | _apremarc | ||
| 050 | 0 | 0 |
_aJX1977.A1 _bW65 |
| 110 | 2 | _aIndian Federation of United Nations Associations. | |
| 245 | 1 | 0 |
_aXIX Plenary assembly, World Federation of United Nations Associations, New Delhi (India) 23rd-31st January 1965; _bsouvenir. |
| 260 |
_a[New Delhi, _c1965] |
||
| 300 |
_a79 p. _bports. _c27 cm. |
||
| 500 | _aCover title. | ||
| 610 | 2 | 0 | _aWorld Federation of United Nations Associations. |
| 999 |
_c82615 _d82615 |
||